Sản xuất giống vật nuôi thủy sản

Trình bày công nghệ sản xuất cá giống, tôm, cua giống và một số động vật thân mềm (ngao, sò, ốc, hầu, bào ngư,...)

Uloženo v:
Podrobná bibliografie
Hlavní autor: Đỗ, Đoàn Hiệp
Další autoři: Phạm, Tân Tiến
Médium: Kniha
Jazyk:Undetermined
Vydáno: H. Giáo dục Việt Nam 2009
Témata:
On-line přístup:http://lrc.tdmu.edu.vn/opac/search/detail.asp?aID=2&ID=7764
Tagy: Přidat tag
Žádné tagy, Buďte první, kdo otaguje tento záznam!
Thư viện lưu trữ: Trung tâm Học liệu Trường Đại học Thủ Dầu Một
LEADER 00950nam a2200217Ia 4500
001 TDMU_7764
008 210410s9999 xx 000 0 und d
082 |a 639.8 
090 |b Đ450 
100 |a Đỗ, Đoàn Hiệp 
245 0 |a Sản xuất giống vật nuôi thủy sản 
245 0 |c Đỗ Đoàn Hiệp, Phạm Tân Tiến, Hà Đức Thắng 
260 |a H. 
260 |b Giáo dục Việt Nam 
260 |c 2009 
300 |a 159tr 
520 |a Trình bày công nghệ sản xuất cá giống, tôm, cua giống và một số động vật thân mềm (ngao, sò, ốc, hầu, bào ngư,...) 
650 |a Giống vật nuôi  |x Sản xuất; Thủy sản  |x Sản xuất giống 
700 |a Phạm, Tân Tiến 
856 |u http://lrc.tdmu.edu.vn/opac/search/detail.asp?aID=2&ID=7764 
980 |a Trung tâm Học liệu Trường Đại học Thủ Dầu Một